000
00282nam a22001337a 4500
008
180115b xxu||||| |||| 00| 0 eng d
020
_a
9781284001693
041
_a
eng
080
_a
573
100
_a
11
101
_a
BIO
245
_a
GENERAL BOTANY
_c
PAULA.S
942
_2
udc
_c
BK
999
_c
40307
_d
40307